| 000 | 00483nam a2200169Ia 4500 | ||
|---|---|---|---|
| 005 | 20260430133744.0 | ||
| 008 | 260429s9999||||xx |||||||||||||| ||und|| | ||
| 020 | _a9781492594536 | ||
| 082 |
_a613.7 _bSIE |
||
| 100 | _aSiedentop, Daryl | ||
| 245 | 0 |
_aIntroduction to physical education, fitness, and sport / _cDaryl Siedentop |
|
| 250 | _a9th ed. | ||
| 260 |
_aChampaign : _bHuman Kinetics, _c2021. |
||
| 300 | _axvi, 526 p.; pbk | ||
| 700 | _a Mars, Hans Van Der | ||
| 942 | _cCU | ||
| 999 |
_c53841 _d53841 |
||